| 000 | 00686nam a2200229 i 4500 | ||
|---|---|---|---|
| 001 | bg | ||
| 245 | 0 | 0 |
_aZbiór zadań z chemii fizycznej : _bpraca zbiorowa / _cpod red. Irminy Uruskiej ; Politechnika Gdańska. |
| 260 |
_aGdańsk : _bWydaw. PG, _c1997. |
||
| 300 |
_a221 s. : _bwykr. ; _c24 cm. |
||
| 521 | _aSkrypt dla studentów II roku Wydz. Chemicznego. | ||
| 650 | 9 | _aChemia fizyczna | |
| 655 | _aPodręczniki akademickie | ||
| 700 | 1 |
_aURUSKA, Irmina. _eRed. |
|
| 710 | 0 | _aPolitechnika Gdańska | |
| 020 | _a8386537736 | ||
| 040 | _cBPK | ||
| 041 | 0 | _apl | |
| 080 | _a544(075.8) | ||
| 920 | _a83-86537-73-6 | ||
| 942 | _cKS | ||
| 008 | s pl f |000 0 pol | ||
| 999 |
_c37705 _d37705 |
||
| 856 |
_uhttp://koha.tu.koszalin.pl/cgi-bin/koha/opac-detail.pl?biblionumber=37705 _yKatalog online BPK |
||